000 00649nam a22002177a 4500
003 BD-DhJNU
005 20250119070721.0
008 250119b |||||||| |||| 00| 0 eng d
020 _a9788131733394
040 _aBD-DhJNU
_bENG
_cBD-DhJNU
_dBD-DhJNU
082 _223
_a425
100 _aBiber, Douglas
245 _aLongman student grammar of spoken & written english /
_cDouglas Biber, Susan Conrad and Geoffrey Leech
260 _aIndia :
_bPearson,
_c2015.
300 _avii, 487 p. :
_bill. ;
_c25 cm.
504 _aincludes index
650 _aEnglish Language
700 _aConrad, Susan
700 _aLeech, Geoffrey
942 _2ddc
_cBK
_n0
999 _c1110
_d1110